000
00199nam a22000977a 4500
020
_a
9789383299751
245
_a
Thumbelina + Goldilock Three Bear
260
_b
Ramash
300
_a
16
942
_2
ddc
_c
BK
999
_c
4389
_d
4389